[Event "Challenge"]
[Site "http://www.queenalice.com/game.php?id=710097"]
[Date "2010.1.7"]
[Round "-"]
[White "Saintsalles"]
[Black "LeandroFreitas"]
[Result "0-1"]
[WhiteElo "1812"]
[BlackElo "1697"]

1. e4 d5 2. exd5 Qxd5 3. c4 Qc6 4. f3 e5 5. Qe2 Bd6 6. Nc3 a6 7. d3 Nd7 8. Nd5
Ngf6 9. Nxf6+ Nxf6 10. Bg5 Be6 11. a3 Nd7 12. Qc2 h6 13. Be3 O-O 14. Ne2 Bc5 15.
d4 exd4 16. Bxd4 Bxd4 17. Nxd4 Qd6 18. Rd1 Qe7 19. Be2 Nf6 20. Nxe6 Qxe6 21. O-O
Rfe8 22. Rfe1 Nh5 23. g4 Nf4 24. Rd2 Qe3+ 25. Kf1 Nxe2 26. Rexe2 Qxf3+ 27. Ke1
Qh1+ 28. Kf2 Qxh2+ 29. Kf3 Qh3+ 30. Kf2 Rxe2+ 31. Rxe2 Qxg4 32. b4 Rd8 33. Qe4
Qxe4 34. Rxe4 Kf8 35. Kf3 Rd3+ 36. Re3 Rxe3+ 37. Kxe3 Ke7 38. Kf4 Ke6 39. a4 g5+
40. Kg4 f5+ 41. Kh5 Ke5 42. Kxh6 f4 43. Kxg5 f3 44. Kg4 f2 0-1

[Event "Challenge"]
[Site "http://www.queenalice.com/game.php?id=764850"]
[Date "2010.4.22"]
[Round "-"]
[White "kiruba"]
[Black "LeandroFreitas"]
[Result "0-1"]
[WhiteElo "1619"]
[BlackElo "1736"]

1. e4 c5 2. d4 cxd4 3. Qxd4 Nc6 4. Qd1 e5 5. Nf3 Bc5 6. Bb5 Nd4 7. Nxd4 Bxd4 8.
O-O a6 9. Ba4 b5 10. Bb3 Bb7 11. Qg4 g6 12. c3 Bc5 13. Qf3 Nf6 14. Bg5 Be7 15.
Bxf6 Bxf6 16. Re1 O-O 17. Nd2 Qb6 18. Rad1 Rad8 19. c4 Be7 20. cxb5 axb5 21. Nf1
Bb4 22. Re2 Kg7 23. a3 Bc5 24. Ba2 Bd4 25. Ne3 Bxe3 26. Qxe3 Qf6 27. Bd5 Bxd5
28. Rxd5 Qc6 29. Rxe5 Rc8 30. h3 Rc7 31. b4 Rfc8 32. Qd3 Qc1+ 33. Kh2 Qf4+ 34.
Qg3 Qxg3+ 35. Kxg3 Rc3+ 36. Re3 Rxe3+ 37. fxe3 Rb8 38. Rd5 Rb7 39. Kf4 Kf6 40.
e5+ Ke6 41. Rd6+ Ke7 42. g4 h6 43. h4 Rc7 44. Ra6 Kd8 45. e4 Rc6 46. Ra8+ Rc8
47. Rxc8+ Kxc8 48. h5 Kc7 49. hxg6 fxg6 50. e6 dxe6 51. Ke5 Kd7 52. Kf6 h5 53.
gxh5 gxh5 54. Kg5 Kd6 55. Kxh5 Ke5 56. Kg4 Kxe4 57. Kg3 Ke3 58. a4 bxa4 59. b5
a3 60. b6 a2 61. b7 a1=Q 62. b8=Q Qc3 63. Qf4+ Ke2+ 64. Kg4 Qe3 65. Kg5 e5 66.
Qxe3+ Kxe3 67. Kg4 e4 0-1

[Event "Challenge"]
[Site "http://www.queenalice.com/game.php?id=764851"]
[Date "2010.4.22"]
[Round "-"]
[White "LeandroFreitas"]
[Black "kiruba"]
[Result "1-0"]
[WhiteElo "1721"]
[BlackElo "1698"]

1. d4 d5 2. f4 Nc6 3. e3 g6 4. Bd3 Bg7 5. Nf3 Nf6 6. O-O O-O 7. Qe1 Bg4 8. Nc3
Bxf3 9. Rxf3 Re8 10. Rh3 e6 11. Ne2 Nb4 12. Qxb4 b6 13. Bb5 Re7 14. b3 a6 15.
Bd3 b5 16. Ba3 Rd7 17. Qe1 Rb8 18. Bc5 c6 19. a4 Rdb7 20. a5 Nd7 21. Bd6 Rc8 22.
Be5 Bxe5 23. fxe5 c5 24. c3 cxd4 25. cxd4 Rbc7 26. Qf2 Qf8 27. Qh4 h5 28. Qg3
Qg7 29. Kf2 f5 30. exf6 Qxf6+ 31. Ke1 Kf7 32. Kd2 e5 33. dxe5 Nxe5 34. Nd4 Nxd3
35. Kxd3 Rc3+ 36. Ke2 Qe7 37. Rf1+ Kg7 38. Nf5+ Kh7 39. Nxe7 Rc2+ 40. Kd3 R8c3+
41. Kd4 1-0

[Event "Challenge"]
[Site "http://www.queenalice.com/game.php?id=768487"]
[Date "2010.4.30"]
[Round "-"]
[White "ORNELAS"]
[Black "LeandroFreitas"]
[Result "1-0"]
[WhiteElo "1663"]
[BlackElo "1718"]

1. b3 e5 2. d4 Bd6 3. c3 exd4 4. cxd4 Bb4+ 5. Nd2 d5 6. Nf3 Bg4 7. Ne5 Bh5 8. g3
Nd7 9. Nf3 Ngf6 10. Bg2 Ne4 11. O-O 1-0

[Event "Challenge"]
[Site "http://www.queenalice.com/game.php?id=784134"]
[Date "2010.6.1"]
[Round "-"]
[White "LeandroFreitas"]
[Black "ThiagoTanaka"]
[Result "1-0"]
[WhiteElo "1700"]
[BlackElo "1822"]

1. d4 c6 2. f4 d5 3. e3 Bf5 4. Bd3 Bxd3 5. Qxd3 Nf6 6. Nf3 Nbd7 7. O-O e6 8. Ne5
Ne4 9. Nd2 Ndf6 10. c4 Nxd2 11. Bxd2 Ne4 12. cxd5 cxd5 13. Qb5+ Ke7 14. Qxb7+
Kf6 15. Qxf7# 1-0

[Event "Challenge"]
[Site "http://www.queenalice.com/game.php?id=791906"]
[Date "2010.6.18"]
[Round "-"]
[White "MASTROIANNI"]
[Black "LeandroFreitas"]
[Result "1/2-1/2"]
[WhiteElo "1490"]
[BlackElo "1747"]

1. d4 d5 2. Nc3 Nf6 3. e3 Bg4 4. Be2 Bxe2 5. Qxe2 e6 6. Nf3 Bb4 7. Bd2 O-O 8.
O-O h6 9. a3 Bxc3 10. Bxc3 Nc6 11. b4 a6 12. a4 Ne4 13. Bd2 Re8 14. Rab1 e5 15.
Nxe5 Nxe5 16. dxe5 Rxe5 17. f3 Nxd2 18. Qxd2 Qe7 19. f4 Rxe3 20. Qxd5 c6 21. Qd2
Rd8 22. Qf2 c5 23. bxc5 Qxc5 24. Rxb7 Rd2 25. Rc7 Qb6 26. Rc6 Qd4 27. Rc4 Qxc4
28. Qxd2 Re2 29. Qd8+ Kh7 30. Qd3+ Qe4 31. Qxe4+ Rxe4 32. a5 Ra4 33. Rd1 Rxa5
34. Rd6 Ra1+ 35. Kf2 Ra4 36. g3 Rc4 37. Rxa6 Rxc2+ 38. Kg1 h5 39. h3 g6 40. Ra1
Kh6 41. Rf1 f6 42. Rf2 Rxf2 43. Kxf2 g5 44. Kf3 f5 1/2-1/2

[Event "Challenge"]
[Site "http://www.queenalice.com/game.php?id=840264"]
[Date "2010.10.1"]
[Round "-"]
[White "MASTROIANNI"]
[Black "LeandroFreitas"]
[Result "0-1"]
[WhiteElo "1621"]
[BlackElo "1717"]

1. d4 d5 2. Nf3 Nc6 3. e3 Bg4 4. h3 Bh5 5. g4 Bg6 6. c4 e6 7. c5 b6 8. Bd2 bxc5
9. dxc5 Bxc5 10. Bb5 Ne7 11. a3 O-O 12. Qa4 Qd6 13. O-O Be4 14. Bxc6 Nxc6 15.
Nh2 Ne5 16. f3 Bd3 17. Rf2 Nc4 18. b4 Bxe3 19. Bxe3 Nxe3 20. Qb3 Qg3+ 21. Kh1
Qxf2 22. Ra2 Qe1+ 23. Nf1 Bxf1 24. Qb2 Bxh3+ 25. Kh2 Nf1+ 26. Kxh3 Qg3# 0-1

[Event "Challenge"]
[Site "http://www.queenalice.com/game.php?id=864038"]
[Date "2010.11.26"]
[Round "-"]
[White "LeandroFreitas"]
[Black "kiruba"]
[Result "0-1"]
[WhiteElo "1737"]
[BlackElo "1640"]

1. c4 Nf6 2. Nc3 g6 3. d4 Bg7 4. g3 d5 5. Bg2 e6 6. Bf4 Na6 7. cxd5 exd5 8. Be5
Be6 9. e3 c5 10. Rc1 Rc8 11. Nge2 Qd7 12. O-O b5 13. a3 c4 14. Nf4 b4 15. axb4
Nxb4 16. Nxe6 Qxe6 17. Qa4+ Nc6 18. Bxd5 Nxd5 19. Bxg7 Nxc3 20. Rxc3 Rg8 21. Be5
f6 22. Bxf6 Qxf6 23. Rxc4 Rg7 24. d5 Rgc7 25. Rfc1 Qxb2 26. dxc6 Ke7 27. R4c3
Qe2 28. Qe4+ Kf6 29. Rc5 Qd2 30. Qe5+ Kf7 31. R1c4 Qd8 32. Rf4+ Kg8 33. Rd5 Qe7
34. Qxe7 Rxe7 35. Rd7 Rxd7 36. cxd7 Rd8 37. Rd4 Kf7 38. e4 Ke6 39. f4 Rxd7 40.
Rxd7 Kxd7 41. e5 a5 0-1

[Event "Dua Sxak-Ludo"]
[Site "http://www.queenalice.com/game.php?id=887917"]
[Date "2011.1.18"]
[Round "-"]
[White "marcelosilva"]
[Black "LeandroFreitas"]
[Result "1-0"]
[WhiteElo "1500"]
[BlackElo "1729"]

1. e4 e5 2. Nf3 Nc6 3. Bb5 Nge7 4. O-O a6 5. Ba4 b5 6. Bb3 g6 7. Re1 Bg7 8. Nc3
O-O 9. d3 d6 10. h3 Nd4 11. Be3 Nxb3 12. axb3 Bb7 13. Qd2 d5 14. Bh6 d4 15. Bxg7
Kxg7 16. Ne2 c5 17. Nxe5 Qc7 18. Nf3 Bc8 19. Ng3 Re8 20. Qg5 h6 21. Nh5+ Kh7 22.
Nf6+ 1-0

[Event "Tria Sxak-ludo"]
[Site "http://www.queenalice.com/game.php?id=895069"]
[Date "2011.2.2"]
[Round "-"]
[White "LeandroFreitas"]
[Black "marcelosilva"]
[Result "0-1"]
[WhiteElo "1729"]
[BlackElo "1815"]

1. d4 d5 2. f4 g6 3. e3 Bg7 4. Nf3 Nf6 5. Bd3 O-O 6. O-O Nc6 7. Ne5 Nxe5 8. fxe5
Ne4 9. Nd2 f5 10. Nxe4 fxe4 11. Be2 Bf5 12. b3 c5 13. c3 Qa5 14. Bb2 Bh6 15. Qd2
Rac8 16. b4 cxb4 17. cxb4 Qa4 18. Bd1 Qb5 19. a4 Qc4 20. Ra3 Bg4 21. Bb3 Qxf1#
0-1

[Event "Challenge"]
[Site "http://www.queenalice.com/game.php?id=903047"]
[Date "2011.2.20"]
[Round "-"]
[White "marcelosilva"]
[Black "LeandroFreitas"]
[Result "0-1"]
[WhiteElo "1842"]
[BlackElo "1729"]

1. e4 e5 2. Nf3 Nc6 3. Bb5 d6 4. Nc3 Bd7 5. O-O a6 6. Ba4 Nf6 7. Re1 Be7 8. d3
b5 9. Bb3 Bg4 10. h3 Bh5 11. Nd5 Nd4 12. Nxf6+ Bxf6 13. g4 Nxf3+ 14. Qxf3 Bg6
15. Bd5 Rb8 16. Be3 O-O 17. Ba7 h6 18. Bxb8 Qxb8 19. Rad1 Qb6 20. Qe3 Bg5 21.
Qxb6 cxb6 22. d4 Rc8 23. c3 h5 24. Bb7 Rc7 25. Bxa6 b4 26. dxe5 dxe5 27. c4 Ra7
28. Bb5 Rxa2 29. b3 Bh4 30. Rf1 Kh7 31. Bc6 Kh6 32. Rd6 Kg5 33. Rd5 Kf4 34. Kg2
Bxe4+ 35. Kg1 Bxd5 36. cxd5 hxg4 37. d6 Rd2 38. d7 gxh3 39. f3 Ke3 40. Ra1 h2+
0-1

[Event "Kvina Shak-Ludo"]
[Site "http://www.queenalice.com/game.php?id=909925"]
[Date "2011.3.7"]
[Round "-"]
[White "LeandroFreitas"]
[Black "marcelosilva"]
[Result "0-1"]
[WhiteElo "1750"]
[BlackElo "1739"]

1. e4 e5 2. d4 exd4 3. Qxd4 Nc6 4. Qe3 Bb4+ 5. Nc3 Nge7 6. Bd2 O-O 7. Bc4 Bxc3
8. Bxc3 d5 9. exd5 Nxd5 10. Qg3 Nxc3 11. Qxc3 Re8+ 12. Ne2 Nd4 13. O-O-O Nxe2+
14. Bxe2 Qg5+ 15. Qd2 Qxg2 16. Bf3 Qxf3 17. Qd8 Qc6 18. Rhe1 Bf5 19. Rxe8+ Qxe8
20. Qd5 Be4 21. Qd4 Bf3 22. Rg1 g6 23. b3 Rd8 24. Qc3 Qc6 25. Qe3 Be4 26. c4 Rd3
27. Qe1 Bf3 28. Qe5 Qb6 29. Qb2 Qd6 30. Re1 Rd1+ 0-1

[Event "Sesa Shak-Ludo"]
[Site "http://www.queenalice.com/game.php?id=916717"]
[Date "2011.3.24"]
[Round "-"]
[White "marcelosilva"]
[Black "LeandroFreitas"]
[Result "1-0"]
[WhiteElo "1760"]
[BlackElo "1750"]

1. e4 e5 2. Nf3 Nc6 3. Bb5 Nge7 4. Nc3 a6 5. Ba4 b5 6. Bb3 h6 7. O-O Bb7 8. d4
exd4 9. Nxd4 Nxd4 10. Qxd4 Nc6 11. Qd5 Qe7 12. Re1 Na5 13. Qd2 Nxb3 14. axb3
O-O-O 15. Nd5 Qe6 16. Qc3 Qc6 17. Qxc6 Bxc6 18. Rxa6 Re8 19. Bd2 Be7 20. Nxe7+
Rxe7 21. f3 Rhe8 22. c4 Kb7 23. Rea1 bxc4 24. bxc4 d6 25. b4 f5 26. b5 Bxb5 27.
cxb5 Rb8 28. exf5 Ree8 29. Re1 Rxe1+ 30. Bxe1 Re8 31. Kf2 Re5 32. Ra5 Rxf5 33.
b6 Rxa5 34. Bxa5 cxb6 35. Bb4 Kc6 36. Ke3 Kd7 37. Kd4 Kc6 38. g4 g6 39. f4 b5
40. f5 gxf5 41. gxf5 Kd7 42. Kd5 Ke7 43. Bc3 h5 44. Kc6 1-0

[Event "Challenge"]
[Site "http://www.queenalice.com/game.php?id=931919"]
[Date "2011.4.29"]
[Round "-"]
[White "LeandroFreitas"]
[Black "kiruba"]
[Result "1-0"]
[WhiteElo "1750"]
[BlackElo "1819"]

1. e4 e6 2. d4 d5 3. e5 c5 4. c3 cxd4 5. cxd4 Nc6 6. Nf3 f6 7. Bb5 Qa5+ 8. Nc3
Bd7 9. a3 Rc8 10. Bd2 Qb6 11. O-O a6 12. Bxc6 Rxc6 13. Rc1 Be7 14. Rc2 fxe5 15.
Nxe5 Qxd4 16. Nxc6 Bxc6 17. Re1 Bd7 18. h3 Nf6 19. Bg5 Qb6 20. Bxf6 Bxf6 21.
Nxd5 Qa7 22. Nxf6+ gxf6 23. Qh5+ Ke7 24. Rc7 Kd6 25. Rxd7+ Kxd7 26. Qf7+ Kc6 27.
Qxe6+ Kb5 28. a4+ Kxa4 29. Qc4+ Ka5 30. b4+ 1-0

[Event "Esperanta ludo"]
[Site "http://www.queenalice.com/game.php?id=1110875"]
[Date "2012.10.9"]
[Round "-"]
[White "LeandroFreitas"]
[Black "vallef"]
[Result "1-0"]
[WhiteElo "1769"]
[BlackElo "1661"]

1. d4 d5 2. f4 Nf6 3. e3 Nc6 4. Bd3 Nb4 5. a3 Nxd3+ 6. Qxd3 Ne4 7. Nd2 f5 8.
Nxe4 dxe4 9. Qb5+ c6 10. Qc4 e6 11. Ne2 Bd7 12. Bd2 b5 13. Qb3 Qh4+ 14. Ng3 Be7
15. O-O-O O-O 16. Be1 Qg4 17. Rd2 a5 18. h3 Qg6 19. Nf1 a4 20. Qa2 Bd8 21. Re2
Ba5 22. Bd2 Qe8 23. g4 h6 24. gxf5 Rxf5 25. Ng3 Rd5 26. Nxe4 b4 27. Rg1 Qf7 28.
axb4 Bb6 29. Be1 Qf5 30. Nc3 Rd6 31. Reg2 Qxh3 32. Rxg7+ Kh8 33. Bd2 Qh2 34. b3
a3 35. Ne4 e5 36. Nxd6 Be6 37. Ne4 Rg8 38. Rxg8+ Bxg8 39. Re1 exd4 40. Qxa3 dxe3
41. Bc3+ Kh7 42. Nf6+ Kg6 43. Nxg8 Qxf4 44. Ne7+ Kh5 45. Qa8 Qg5 46. Qxc6 e2+
47. Bd2 Be3 48. Qf3+ Qg4 49. Rh1+ 1-0